书目信息 |
| 题名: |
痘科辨要
|
|
| 作者: | 池田瑞仙 著 | |
| 分册: | ||
| 出版信息: | 北京 人民卫生出版社 1957 |
|
| 页数: | 184页 | |
| 开本: | 18cm | |
| 丛书名: | 皇汉医学丛书 | |
| 单 册: | ||
| 中图分类: | R272.21 | |
| 科图分类: | ||
| 主题词: | 痘疹--中医治疗法 | |
| 电子资源: | ||
| ISBN: | 14048.1237 | |
| 000 | 00716cam2 2200265 450 | |
| 001 | 0105413759 | |
| 005 | 20060731162448.0 | |
| 010 | @a14048.1237@dCNY0.70 | |
| 091 | @a14048.1237@dCNY0.70 | |
| 100 | @a19961226d1957 em y0chiy0110 ea | |
| 101 | 1 | @achi@cjpn |
| 102 | @aCN@b110000 | |
| 105 | @ay z 000yy | |
| 106 | @ar | |
| 200 | 1 | @a痘科辨要@9Dou Ke Bian Yao @e十卷@f(日)池田瑞仙著@b专著 |
| 205 | @a新1版 | |
| 210 | @a北京@c人民卫生出版社@d1957 | |
| 215 | @a184页@d18cm | |
| 225 | 2 | @a皇汉医学丛书 |
| 410 | 0 | @12001 @a皇汉医学丛书 |
| 606 | 0 | @a痘疹@x中医治疗法 |
| 690 | @aR272.21@v3 | |
| 701 | 0 | @a池田瑞仙@9chi tian rui xian@4著 |
| 801 | 0 | @aCN@bAiZhiMarc |
| 905 | @aBZT@dR272.21@e1@f1@sR272.21/1 | |
| 痘科辨要:十卷/(日)池田瑞仙著.-新1版.-北京:人民卫生出版社,1957 |
| 184页;18cm.-(皇汉医学丛书) |
| ISBN 14048.1237:CNY0.70 |
| ● |
| 相关链接 |
|
|
|
正题名:痘科辨要
索取号:R272.21/1
 
预约/预借
| 序号 | 登录号 | 条形码 | 馆藏地/架位号 | 状态 | 备注 |
| 1 | 2000048443 | 2000048443 | 旧书回溯/ [索取号:R272.21/1] | 在馆 |